000 00830nam a2200277Ia 4500
003 OSt
005 20220918171223.0
006 a|||||r|||| 00| 0
007 ta
008 220917b |||||||| |||| 00| 0 eng d
020 _a9781412978729 (pbk)
_c1928.02
024 _a245,136
037 _b006, 21/01/2011, Independent Publishers Group
_cTextual
040 _aARTS
_cARTS
_beng
041 _2eng
_aeng
082 _aX:87, Q0.2
100 _aAltschuld James W.
_934854
245 0 _aNeeds assessment
260 _aLos Angeles
_b Sage USA
_c2010
300 _axiii,135p.
_ccm.
490 _vVol.2
650 _aECONOMICS
700 _a Eastmond J.N.
_934855
942 _hX:87, Q0.2
_cTEXL
_2CC
999 _c138396
_d138396